Estatísticas para Treinadores de Futebol campeões do Campeonato Brasileiro

Clique aqui para jogar o quiz

Estatísticas Gerais

  • Esse quiz foi jogado 698 vezes
    (223 desde o último reset)
  • A pontuação média é 26 de 66

Estatísticas das Respostas

AnoClubeTreinador% Correto
2022PalmeirasAbel Ferreira
98%
2019FlamengoJorge Jesus
92%
2011CorinthiansTite
90%
2015CorinthiansTite
90%
2016PalmeirasCuca
89%
2021Atlético MineiroCuca
89%
2020FlamengoRogério Ceni
86%
1993PalmeirasVanderlei Luxemburgo
86%
1994PalmeirasVanderlei Luxemburgo
86%
1998CorinthiansVanderlei Luxemburgo
86%
2003CruzeiroVanderlei Luxemburgo
86%
2004SantosVanderlei Luxemburgo
86%
2018PalmeirasLuiz Felipe Scolari
77%
2010FluminenseMuricy Ramalho
73%
2006São PauloMuricy Ramalho
73%
2007São PauloMuricy Ramalho
73%
2008São PauloMuricy Ramalho
73%
2017CorinthiansFábio Carille
72%
1971Atlético MineiroTelê Santana
68%
1991São PauloTelê Santana
68%
2012FluminenseAbel Braga
64%
2014CruzeiroMarcelo Oliveira
55%
2013CruzeiroMarcelo Oliveira
55%
1996GrêmioLuiz Felipe Scolari
47%
2009FlamengoAndrade
42%
1968 (Taça Brasil)BotafogoZagallo
42%
2002SantosEmerson Leão
41%
1984FluminenseCarlos Alberto Parreira
34%
1999CorinthiansOswaldo de Oliveira
34%
2005CorinthiansAntônio Lopes
32%
2000 (João Havelange)Vasco da GamaJoel Santana
32%
1997Vasco da GamaAntônio Lopes
30%
1995BotafogoPaulo Autuori
28%
1982FlamengoPaulo César Carpegiani
23%
2001Atlético ParanaenseGeninho
22%
1961 (Taça Brasil)SantosLula
22%
1962 (Taça Brasil)SantosLula
22%
1963 (Taça Brasil)SantosLula
22%
1964 (Taça Brasil)SantosLula
22%
1965 (Taça Brasil)SantosLula
22%
1988BahiaEvaristo de Macedo
17%
1969 (Robertão)PalmeirasRubens Minelli
17%
1975InternacionalRubens Minelli
17%
1976InternacionalRubens Minelli
17%
1977São PauloRubens Minelli
17%
1983FlamengoCarlos Alberto Torres
16%
1972PalmeirasOsvaldo Brandão
16%
1973PalmeirasOsvaldo Brandão
16%
1960 (Taça Brasil)PalmeirasOsvaldo Brandão
16%
1986São PauloPepe
15%
1981GrêmioÊnio Andrade
14%
1979InternacionalÊnio Andrade
14%
1985CoritibaÊnio Andrade
14%
1990CorinthiansNelsinho Baptista
14%
1992FlamengoCarlinhos
12%
1980FlamengoCláudio Coutinho
11%
1978GuaraniCarlos Alberto Silva
9%
1987SportJair Picerni
8%
1974Vasco da GamaMário Travaglini
5%
1967 (Taça Brasil)PalmeirasMário Travaglini
5%
1989Vasco da GamaNelsinho Rosa
5%
1968 (Robertão)SantosAntoninho Fernandes
3%
1967 (Robertão)PalmeirasAyrton Moreira
3%
1959 (Taça Brasil)BahiaCarlos Volante
3%
1970 (Robertão)FluminensePaulo Amaral
3%
1966 (Taça Brasil)CruzeiroAirton Moreira
2%

Distribuição das Pontuações

Percentil de Números Respondidos

Porcentagem de Pessoas com Cada Pontuação

Sua Pontuação Histórica

Você não jogou esse quiz desde o último reset